000 01110nam a22002777a 4500
003 OSt
005 20250820141705.0
008 210913b2007 ck ||||er|||| 00| j spa d
020 _a9789588321295
040 _aCO-JMCR
_cCO-JMCR
041 0 _aspa
082 0 4 _aA-C
_bDONc
_223
100 1 _aDonoso, José,
_eautor
_940321
245 1 0 _aCuentos latinoamericanos IV /
_cJosé Donoso, Sergio Pitol, Guillermo Cabrera Infante
260 _aBogotá :
_bAlcaldía Mayor de Bogotá : Secretaria Distrital de Cultura, Recreación y Deporte,
_c2007
300 _a57 páginas ;
_c17 cm.
490 0 _aLibro al viento ;
_v38
505 0 _tChina /
_rJosé Donoso
_tLa pantera /
_rSergio Pitol
_tEl día que terminó mi niñez /
_rGuillermo Cabrera Infante
650 1 4 _aCuentos latinoamericanos
_xHistoria y crítica
_ySiglo XX
_940322
650 2 4 _aLiteratura latinoamericana
_ySiglo xx
_940323
650 2 4 _aAnimales en la literatura
_940324
650 2 4 _aInfancia en la literatura
_912889
700 1 _aPitol, Sergio,
_eautor
_936672
700 1 _aCabrera Infante, Guillermo,
_eautor
_940325
942 _2ddc
_cBK
999 _c15584
_d15584